<?xml version="1.0" encoding="UTF-8"?>
<record
    xmlns:xsi="http://www.w3.org/2001/XMLSchema-instance"
    xsi:schemaLocation="http://www.loc.gov/MARC21/slim http://www.loc.gov/standards/marcxml/schema/MARC21slim.xsd"
    xmlns="http://www.loc.gov/MARC21/slim">

  <leader>00588nam a2200181Ia 4500</leader>
  <controlfield tag="008">230718s9999    xx            000 0 und d</controlfield>
  <datafield tag="020" ind1=" " ind2=" ">
    <subfield code="a">9789332518414</subfield>
  </datafield>
  <datafield tag="041" ind1=" " ind2=" ">
    <subfield code="a">eng</subfield>
  </datafield>
  <datafield tag="082" ind1=" " ind2=" ">
    <subfield code="a">006.35</subfield>
    <subfield code="b">JUR</subfield>
  </datafield>
  <datafield tag="100" ind1=" " ind2=" ">
    <subfield code="a">Jurafsky D.</subfield>
    <subfield code="9">162542</subfield>
  </datafield>
  <datafield tag="245" ind1=" " ind2=" ">
    <subfield code="a">Speech And Language Processing </subfield>
    <subfield code="b">An Introduction To Natural Language Processing, Computational Lingusitics, And Speech Recognition</subfield>
  </datafield>
  <datafield tag="250" ind1=" " ind2=" ">
    <subfield code="a">2nd ed.</subfield>
  </datafield>
  <datafield tag="260" ind1=" " ind2=" ">
    <subfield code="c">2014</subfield>
    <subfield code="b">Pearson</subfield>
  </datafield>
  <datafield tag="300" ind1=" " ind2=" ">
    <subfield code="a">940</subfield>
  </datafield>
  <datafield tag="365" ind1=" " ind2=" ">
    <subfield code="c">Rs.</subfield>
    <subfield code="b">999.00</subfield>
  </datafield>
  <datafield tag="700" ind1=" " ind2=" ">
    <subfield code="a">Jurafsky D. &amp; Martin J.H.</subfield>
    <subfield code="9">196151</subfield>
  </datafield>
  <datafield tag="906" ind1=" " ind2=" ">
    <subfield code="d">O:0510128-May-2016B:2202-May-2016</subfield>
    <subfield code="c">COMP</subfield>
    <subfield code="b">2077.92</subfield>
  </datafield>
  <datafield tag="999" ind1=" " ind2=" ">
    <subfield code="c">342102</subfield>
    <subfield code="d">342102</subfield>
  </datafield>
  <datafield tag="952" ind1=" " ind2=" ">
    <subfield code="0">0</subfield>
    <subfield code="1">0</subfield>
    <subfield code="4">0</subfield>
    <subfield code="7">0</subfield>
    <subfield code="a">CCEP</subfield>
    <subfield code="b">CCEP</subfield>
    <subfield code="d">2016-05-28</subfield>
    <subfield code="e">ARM Book Bazar</subfield>
    <subfield code="f">COMP</subfield>
    <subfield code="g">739.26</subfield>
    <subfield code="i">22</subfield>
    <subfield code="l">7</subfield>
    <subfield code="o">006.35</subfield>
    <subfield code="p">CCEP-BK-53309</subfield>
    <subfield code="r">2024-05-28 00:00:00</subfield>
    <subfield code="s">2024-04-23</subfield>
    <subfield code="t">2077.92</subfield>
    <subfield code="v">999.00</subfield>
    <subfield code="w">2016-05-02</subfield>
    <subfield code="y">BK</subfield>
    <subfield code="z">053309</subfield>
  </datafield>
</record>
